Sanskrit grammar : (Record no. 127622)

MARC details
000 -LEADER
fixed length control field 00780nam a22002297a 4500
005 - DATE AND TIME OF LATEST TRANSACTION
control field 20170124110028.0
010 ## - LIBRARY OF CONGRESS CONTROL NUMBER
LC control number B-120649
020 ## - INTERNATIONAL STANDARD BOOK NUMBER
Terms of availability 225.00
International Standard Book Number 9788121511209
035 ## - SYSTEM CONTROL NUMBER
System control number B-120649
037 ## - SOURCE OF ACQUISITION
Source of stock number/acquisition Cen Lib/Ret
040 ## - CATALOGING SOURCE
Original cataloging agency DPL
Language of cataloging EN
082 ## - DEWEY DECIMAL CLASSIFICATION NUMBER
Classification number 415
Item number WHI
100 ## - MAIN ENTRY--PERSONAL NAME
Personal name Whitney, William Dwight
9 (RLIN) 21034
245 ## - TITLE STATEMENT
Title Sanskrit grammar :
Statement of responsibility, etc by William Dwight Whitney
Remainder of title including both the classical language, and the older dialects, of Veda and Brahmana /
260 ## - PUBLICATION, DISTRIBUTION, ETC. (IMPRINT)
Place of publication, distribution, etc New Delhi
Name of publisher, distributor, etc Munshiram Manoharlal Publishers
Date of publication, distribution, etc 2004
270 ## - ADDRESS
Address 54, Rani Jhansi Road
City New Delhi
Postal code 110055
300 ## - PHYSICAL DESCRIPTION
Extent 551p.
Dimensions 21cm(pbk)
500 ## - GENERAL NOTE
General note Includes index
650 ## - SUBJECT ADDED ENTRY--TOPICAL TERM
Topical term or geographic name as entry element Sanskrit language
9 (RLIN) 105654
650 ## - SUBJECT ADDED ENTRY--TOPICAL TERM
Topical term or geographic name as entry element Sanskrit language--Grammar
9 (RLIN) 19810
942 ## - ADDED ENTRY ELEMENTS (KOHA)
Source of classification or shelving scheme Dewey Decimal Classification
Koha item type English Books
Classification part 415
Call number suffix WHI
Holdings
Withdrawn status Lost status Damaged status Not for loan Home library Current library Date acquired Source of acquisition Cost, normal purchase price Total Checkouts Full call number Barcode Date last seen Copy number Cost, replacement price Price effective from Koha item type Source of classification or shelving scheme Collection code
        Central Library Central Library 30/06/2015 Cen Lib/Ret 225.00   415 WHI B-120649 30/06/2015 1 225.00 30/06/2015 English Books    
        Sarojini Nagar Sarojini Nagar 07/03/2019       415 WHI B-120651 07/03/2019     07/03/2019 English Books Dewey Decimal Classification Non-fiction

© Delhi Public Library
Hit Counter
free hit counter